| 000 | 00874nam a2200277 a 4500 | ||
|---|---|---|---|
| 001 | 27517 | ||
| 003 | BD-RjUL | ||
| 005 | 20211209051150.0 | ||
| 008 | 140325s1982 mauaf b 001 0aeng | ||
| 020 | _a0316285919 | ||
| 035 | _a(BD-RjUL)27591 | ||
| 040 |
_aDLC _cDLC _dBD-RjUL _beng |
||
| 041 | _aeng | ||
| 082 | 0 | 0 |
_a973.9240924 _219 _bKIY 1982 |
| 100 | 1 |
_aKissinger, Henry, _d1923- _984513 |
|
| 245 | 1 | 0 |
_aYears of upheaval / _cHenry Kissinger. |
| 260 |
_aBoston : _bLittle, Brown, _cc1982. |
||
| 300 |
_axxi, 1283 p., [40] p. of plates : _bill. ; _c25 cm. |
||
| 504 | _aIncludes bibliographical references and index. | ||
| 600 | 1 | 0 |
_aKissinger, Henry, _d1923- _984518 |
| 650 | 0 |
_aStatesmen _zUnited States _xBiography. _984515 |
|
| 651 | 0 |
_aUnited States _xForeign relations _y1969-1974. _984516 |
|
| 942 |
_2ddc _cBK |
||
| 999 |
_c27517 _d27517 |
||